Music Quiz

Random Music Quiz
Score 0/20 Timer 03:00
0 Plays Today
Image Chord % Correct
3G
95.7%
2A
95.6%
1E
94.7%
4Dm
80.8%
14D
77.1%
11C
75.1%
12Em
74.7%
9Am
73.3%
10F
71.6%
7Fm
65.8%
Image Chord % Correct
6D7
65.6%
5G7
63.8%
13A7
62.2%
8E7
60.9%
15Bm
57.7%
19B
56.4%
16Gm
56%
17F7
48.8%
18C7
47.3%
20B7
45.1%
Remove Ads.
Support Sporcle.
Get the best of Sporcle when you Go Orange. This ad-free experience offers more features, more stats, and more fun while also helping to support Sporcle. Thank you for becoming a member.

You're not logged in!

Compare scores with friends on all Sporcle quizzes.
OR
Log In

Show Comments

Extras

Top Quizzes Today


Score Distribution

Your Account Isn't Verified!

In order to create a playlist on Sporcle, you need to verify the email address you used during registration. Go to your Sporcle Settings to finish the process.

Report this User

Report this user for behavior that violates our Community Guidelines.

Details: